000 00374 a2200121 4500
001 ART_10427
005 20260410161848.0
008 260409a
245 1 0 _aLa eficacia marginal del capital y la teoría de la firma
100 1 _aCanavese, Alfredo Juan
700 1 _aGaba, Ernesto
773 0 _tEconómica
_g- Año XVII, Nº2 (may./ago. 1971)
_wREV7541
999 _c24739
_d24739